Pokemon starting with the letter F - Statistics

General Stats
  • This quiz has been taken 20 times
  • The average score is 23 of 40
Answer Stats
Gen Answer % Correct
6 Flabebe
80%
1 Flareon
80%
6 Froakie
80%
6 Frogadier
80%
1 Farfetch'd
73%
3 Feebas
67%
2 Feraligatr
67%
5 Ferroseed
67%
5 Ferrothorn
67%
6 Fletchinder
67%
6 Fletchling
67%
6 Floette
67%
6 Florges
67%
3 Flygon
67%
1 Fearow
60%
6 Fennekin
60%
8 Flapple
60%
5 Fraxure
60%
9 Frigibax
60%
5 Frillish
60%
8 Falinks
53%
9 Fezandipiti
53%
9 Finizen
53%
4 Finneon
53%
9 Flittle
53%
5 Foongus
53%
2 Forretress
53%
9 Fuecoco
53%
6 Furfrou
53%
2 Furret
53%
2 Flaaffy
47%
9 Flamigo
47%
4 Floatzel
47%
9 Floragato
47%
7 Fomantis
47%
4 Froslass
47%
9 Farigiraf
40%
9 Flutter Mane
40%
8 Frosmoth
40%
9 Fidough
33%
No matching quizzes found
Score Distribution
Percent of People with Each Score
Percentile by Number Answered
Your Score History
You have not taken this quiz